000
00275nam a2200097Ia 4500
005
20250424112853.0
008
250424s9999 xx 000 0 und d
300
_a
iv, 78 p. :ill. ; 29 cm.
650
_a
Medicine--Periodicals. Medicine, Experimental--Periodicals.
942
_c
SR
999
_c
37616
_d
37616